| Tag |
First Indicator |
Second Indicator |
Subfields |
| LEADER |
00000cam a2200000 a 4500 |
| 001 |
in00001231663 |
| 005 |
20151003073646.0 |
| 008 |
950815s1995 vau 000 0 eng d |
| 035 |
|
|
|a (OCoLC)32987759
|
| 035 |
|
|
|9 AGT9036AM
|
| 040 |
|
|
|a ARL
|c ARL
|d UtOrBLW
|
| 049 |
|
|
|a TXAS [mil]
|
| 090 |
|
|
|a UB193
|b .S85 1995
|
| 100 |
1 |
|
|a Sumser, Raymond J.
|
| 245 |
1 |
4 |
|a The emerging importance of civilian and contractor employees to army operations /
|c by Raymond J. Sumser and Charles W. Hemingway.
|
| 264 |
|
1 |
|a Arlington, Va :
|b Association of the United States Army, Institute of Land Warfare,
|c 1995.
|
| 300 |
|
|
|a 9 pages ;
|c 28 cm.
|
| 336 |
|
|
|a text
|b txt
|2 rdacontent
|
| 337 |
|
|
|a unmediated
|b n
|2 rdamedia
|
| 338 |
|
|
|a volume
|b nc
|2 rdacarrier
|
| 490 |
1 |
|
|a Landpower essay series ;
|v no. 95-4
|
| 500 |
|
|
|a Caption title.
|
| 500 |
|
|
|a "June 1995."
|
| 651 |
|
0 |
|a United States
|x Armed Forces
|x Civilian employees.
|
| 650 |
|
0 |
|a Employee leasing services
|z United States.
|
| 610 |
1 |
0 |
|a United States.
|b Army
|x Personnel management.
|
| 700 |
1 |
|
|a Hemingway, Charles W.
|
| 710 |
2 |
|
|a Institute of Land Warfare (Association of the United States Army)
|
| 830 |
|
0 |
|a Landpower essay series ;
|v no. 95-4.
|
| 999 |
|
|
|a MARS
|
| 999 |
f |
f |
|s a5e6aabc-de04-3cc9-b052-bb0ecf60d052
|i 55aaf003-0d53-32c0-a717-ad71c6db9a73
|t 0
|
| 952 |
f |
f |
|p noncirc
|a Texas A&M University
|b College Station
|c Cushing Memorial Library & Archives
|d Cushing: Ragan Military (Does not check out)
|t 0
|e UB193 .S85 1995
|h Library of Congress classification
|i unmediated -- volume
|
| 998 |
f |
f |
|a UB193 .S85 1995
|t 0
|l Cushing: Ragan Military (Does not check out)
|